000
00220nam a2200085Ia 4500
008
120527s9999 xx 000 0 und d
100
_a
ERIKSSON, S.
245
_a
The briquetting of Agricultural wastes for fuel
942
_c
BK
999
_c
25144
_d
25144